Music Quiz

Random Music or Lyrics Quiz

Figure out the Lyrics: Green Day Quiz Stats

Quiz not verified by Sporcle

Challenge
Share
Tweet
Embed
Score 0/166 Timer 12:00
0 Plays Today
Lyrics % Correct
a
95.6%
the
94.4%
the
94.4%
the
94.4%
the
94.4%
the
94.4%
The
94.4%
the
94.4%
the
94.4%
the
94.4%
the
94.4%
the
94.4%
and
88.7%
And
88.7%
And
88.7%
and
88.7%
And
88.7%
And
88.7%
And
88.7%
me.
69.8%
me
69.8%
we
66.5%
we
66.5%
we
66.5%
we
66.5%
we
66.5%
we
66.5%
we
66.5%
we
66.5%
we
66.5%
we
66.5%
we
66.5%
we
66.5%
we
66.5%
we
66.5%
we
66.5%
we
66.5%
we
66.5%
we
66.5%
we
66.5%
we
66.5%
we
66.5%
we
66.5%
we
66.5%
we
66.5%
we
66.5%
we
66.5%
we
66.5%
we
66.5%
we
66.5%
we
66.5%
we
66.5%
we
66.5%
we
66.5%
we
66.5%
we
66.5%
Lyrics % Correct
we
66.5%
is
63.1%
is
63.1%
in
63%
in
63%
in
63%
in
63%
in
63%
Are
61%
are,
61%
are
61%
are
61%
are
61%
are,
61%
are
61%
are
61%
are
61%
are,
61%
are
61%
are
61%
Are
61%
are,
61%
are
61%
are
61%
are
61%
are,
61%
are
61%
are
61%
are
61%
are,
61%
are
61%
are
61%
are
61%
are,
61%
are
61%
are
61%
are
61%
are,
61%
are
61%
are
61%
are
61%
are,
61%
are
61%
are
61%
of
60.5%
of
60.5%
my
58.5%
my
58.5%
my
58.5%
my
58.5%
my
58.5%
waiting
50.4%
waiting?
50.4%
waiting?
50.4%
waiting?
50.4%
waiting?
50.4%
Lyrics % Correct
waiting?
50.4%
waiting?
50.4%
waiting?
50.4%
waiting?
50.4%
down
46.6%
down
46.6%
This
44.6%
head.
43.6%
love
43.4%
over
43.1%
city
42.9%
city
42.9%
lights
42.4%
Jesus
41.9%
life.
41.8%
nights
41%
Suburbia
40.8%
or
40.6%
mind.
40.6%
coming
39.9%
dreams.
39.7%
dreams.
39.7%
unknown.
39.4%
Unknown
39.4%
Unknown
39.4%
Unknown
39.4%
Unknown.
39.4%
Starry
39.3%
screaming
39.1%
screaming,
39.1%
screaming
39.1%
screaming,
39.1%
screaming,
39.1%
lie.
37.8%
Skyscrapers
36.1%
stargazers
35.7%
live
34.8%
Lost
33.8%
found,
33.3%
burning
33.2%
story
32.7%
town
32.5%
isolation,
32%
fairy
32%
tales
31.9%
thoughts
31.8%
bound
31.3%
second
30.6%
heads
30.6%
rage
30.6%
dirty
30.3%
tails
29.7%
Forget
29.5%
nots
29.2%

You're not logged in!

Compare scores with friends on all Sporcle quizzes.
Join for Free
OR
Log In

You Might Also Like...

Show Comments

Extras

Top Quizzes Today


Score Distribution

Your Account Isn't Verified!

In order to create a playlist on Sporcle, you need to verify the email address you used during registration. Go to your Sporcle Settings to finish the process.

Report this User

Report this user for behavior that violates our Community Guidelines.

Details: